000 00516nam a2200193Ia 4500
005 20250508154700.0
008 008 250505s9999 xx 000 0 eng d
037 _aTextual
040 _aFEDL
_beng
_cFEDL
041 _aeng
_2eng
084 _a370.1, SAI
_qFEDL
100 _aSaiyidain K. G.
245 0 _aHumanist tradition in Indian education thought
260 _c1966
300 _axvi,237p.
650 _aEducation - Philosophy
942 _cTEXL
_h370.1, SAI
999 _c1351578
_d1351578